000 00735nam a2200217 i 4500
001 87494
003 ES-MaACL
005 20230906175700.0
007 t|
008 041222s1946 mx ||||1| spa d
100 1 _aKrickeberg, Walter.
_968831
245 1 0 _aEtnología de América /
_cWalter Krickeberg ; versión española de Pedro Hendrich.
250 _a[1ª ed. en español].
260 _aMéxico :
_bFondo de Cultura Económica,
_c[1946] (
_fGráf. Panamericana)
300 _a498 p., 27 lám. :
_bil. ;
_c24 cm.
490 1 _aSección de obras de antropología
700 1 _aHendrich, Pedro.
_962526
830 0 _aSección de obras de antropología
_9179904
852 _aES-MaACL
_jD-6834
_bR.27302
999 _c87494
_d87494